<?xml version="1.0" encoding="UTF-8"?><collection xmlns="info:lc/xmlns/marcxchange-v2"><record format="Unimarc" type="bibliographic"><leader>00679nam  220021700 450 </leader><controlfield tag="001">3181258</controlfield><controlfield tag="003">http://id.bnportugal.gov.pt/bib/porbase/3181258</controlfield><datafield ind1=" " ind2=" " tag="010"><subfield code="a">0-691-00032-8</subfield></datafield><datafield ind1=" " ind2=" " tag="035"><subfield code="a">fo003_bc.iso/06-12-2021/17687</subfield></datafield><datafield ind1=" " ind2=" " tag="035"><subfield code="a">10909_BIBLIO</subfield></datafield><datafield ind1=" " ind2=" " tag="100"><subfield code="a">20100505d1995    k  y0porb0103    ba</subfield></datafield><datafield ind1="0" ind2=" " tag="101"><subfield code="a">eng</subfield></datafield><datafield ind1=" " ind2=" " tag="102"><subfield code="a">US</subfield></datafield><datafield ind1=" " ind2=" " tag="105"><subfield code="a">a   m   001yy</subfield></datafield><datafield ind1=" " ind2=" " tag="106"><subfield code="a">r</subfield></datafield><datafield ind1="1" ind2=" " tag="200"><subfield code="a">Arab seafaring</subfield><subfield code="e">in the Indian Ocean in ancient and early medieval times</subfield><subfield code="f">George F. Hourani</subfield></datafield><datafield ind1=" " ind2=" " tag="210"><subfield code="a">Princeton</subfield><subfield code="c">Princeton University Press</subfield><subfield code="d">1995</subfield></datafield><datafield ind1=" " ind2=" " tag="215"><subfield code="a">XVII, 189 p.</subfield><subfield code="c">il.</subfield><subfield code="d">; 22 cm</subfield></datafield><datafield ind1="2" ind2=" " tag="225"><subfield code="a">Princeton paperbacks</subfield></datafield><datafield ind1=" " ind2=" " tag="675"><subfield code="a">94(57)</subfield><subfield code="v">BN</subfield><subfield code="z">por</subfield></datafield><datafield ind1=" " ind2="1" tag="700"><subfield code="a">Hourani</subfield><subfield code="b">George F.</subfield></datafield><datafield ind1=" " ind2="0" tag="801"><subfield code="a">PT</subfield><subfield code="b">FO</subfield><subfield code="c">20100505</subfield><subfield code="g">RPC</subfield></datafield><datafield ind1=" " ind2=" " tag="966"><subfield code="l">FO</subfield><subfield code="m">FO</subfield><subfield code="s">MOR 94 HOU,G. </subfield></datafield></record></collection>